| 000 | 00916cab a2200253 4500 | ||
|---|---|---|---|
| 001 | WB2926-41 | ||
| 008 | 090401t1993 xxu||||| |||| 00| 0 eng d | ||
| 035 | _a(Sirsi) u67956 | ||
| 041 | _aeng | ||
| 245 | _aProperty `needs health warning` | ||
| 260 | _c1993 | ||
| 350 | _a0 | ||
| 490 |
_aEvening Standard _v7 July 1993, 32-33 |
||
| 490 |
_aCSW - The Property Week _v44(2) 8 July 1993, 8(2) |
||
| 520 | _aIn his first speech as president of the RICS, Clive Lewis has backed the idea that commercial property valuations should not only provide a `snapshot` of present value but also warn of trends which might affect prices in future. | ||
| 650 | _aPRESIDENTIAL ADDRESS 1993 | ||
| 650 | _aTOWN CENTRE MANAGEMENT | ||
| 650 | _aURBAN REGENERATION AGENCY | ||
| 650 | _aVALUATION PRACTICE | ||
| 690 | _aPROPERTY-COMMERCIAL PROPERTY | ||
| 690 | _aRATING AND VALUATION | ||
| 942 | _n0 | ||
| 948 | _c04/03/1997 | ||
| 999 |
_c42590 _d42590 |
||